000 00530cam a2200205 4500
001 D15256
008 090401t1968 xxu||||| |||| 00| 0 eng d
035 _a(Sirsi) u21510
041 _aeng
050 _a[333.0062]
090 _aRICS 1968/24ABC
110 _aRoyal Institution of Chartered Surveyors
_94900
245 _aConstitution and rules of procedure of the junior organisation
260 _bRICS
_c1968
300 _a16p
350 _a0
520 _aFiled in box 1968/24 ABC
942 _n0
948 _c04/03/1997
999 _c87995
_d87995